| 000 | 00509nam a22001577a 4500 | ||
|---|---|---|---|
| 003 | ASAB | ||
| 005 | 20180827062836.0 | ||
| 008 | 180510t xxu||||| |||| 00| 0 eng d | ||
| 040 | _cASAB | ||
| 100 |
_aAmmad Fahim-sup-Dr. Hajra Sadia _93875 |
||
| 245 |
_aTH-MS-MUTATIONAL ANALYSIS OF POLYMERASE GENE OF NBV IN PAKISTANI POPULATION _cAmmad Fahim-sup-Dr. Hajra Sadia |
||
| 260 |
_aIslamabad _bASAB (NCVI) _c2012 |
||
| 300 |
_axiv, 80 P _b30 cm |
||
| 630 |
_aVirology and Immunology _93876 |
||
| 942 |
_2ddc _cTH |
||
| 999 |
_c480838 _d480838 |
||